| 000 | 01556nam a2200421 i 4500 | ||
|---|---|---|---|
| 001 | 45888 | ||
| 003 | ES-MaCES | ||
| 005 | 20170213134050.0 | ||
| 008 | 150505s2015 sp 000 | spa d | ||
| 017 |
_aM 6927-2015 _bDL |
||
| 020 | _a9788415305828 | ||
| 040 |
_aES-MaCES _bspa _cES-MaCES |
||
| 041 | 0 |
_aspa _aeng _apor |
|
| 245 | 0 | 3 |
_aLa transnacionalización de las relaciones laborales _b: experiencias de gestión en las empresas multinacionales españolas _cdir., Wilfredo Sanguineti Raymond ; autores, Miguel Ángel Almendros González ... [et al.] |
| 250 | _a1ª ed | ||
| 260 |
_aMadrid _bCinca _c2015 |
||
| 300 |
_a209 p. _c24 cm |
||
| 490 | 1 |
_aBiblioteca Ciencias Sociales _v25 |
|
| 500 | _aTextos en español, inglés y portugués | ||
| 541 | _cCompra | ||
| 650 | 4 |
_aglobalización económica _930653 |
|
| 650 | 4 |
_anuevo orden económico internacional _929223 |
|
| 650 | 4 |
_aempresa multinacional _927142 |
|
| 650 | 4 |
_aadministración de recursos humanos _930474 |
|
| 650 | 4 |
_aconducta organizacional _930098 |
|
| 650 | 4 |
_anegociación colectiva _928362 |
|
| 650 | 4 |
_apapel del sindicato _930660 |
|
| 650 | 4 |
_aEspaña _926964 |
|
| 650 | 4 |
_ainternacional _926674 |
|
| 650 | 4 |
_aestudio de casos _928846 |
|
| 650 | 4 |
_928369 _arelaciones laborales |
|
| 653 | 1 | 0 | _aRelaciones laborales-Empleo |
| 700 | 1 |
_aAlmendros González, Miguel Ángel _95979 |
|
| 700 | 1 |
_923391 _aSanguineti Raymond, Wilfredo _edir. |
|
| 830 | 0 |
_aBiblioteca Ciencias Sociales (Ediciones Cinca) _v25 _934144 |
|
| 902 | _aLIB Libro | ||
| 942 |
_2CES _cBK _h2.0. |
||
| 999 |
_c45888 _d45888 |
||